UNDERSTANDING PRODUCTIVITY (Record no. 57462)

000 -LEADER
fixed length control field 00468nam a22001817a 4500
003 - CONTROL NUMBER IDENTIFIER
control field MPLRDC
005 - DATE AND TIME OF LATEST TRANSACTION
control field 20220104165454.0
008 - FIXED-LENGTH DATA ELEMENTS--GENERAL INFORMATION
fixed length control field 210129b ||||| |||| 00| 0 eng d
020 ## - INTERNATIONAL STANDARD BOOK NUMBER
International Standard Book Number 9971-4-0454-0
082 ## - DEWEY DECIMAL CLASSIFICATION NUMBER
Classification number 494.5 PUT
100 ## - MAIN ENTRY--PERSONAL NAME
Personal name JOSEPH M PUTTI
245 ## - TITLE STATEMENT
Title UNDERSTANDING PRODUCTIVITY
Statement of responsibility, etc.
250 ## - EDITION STATEMENT
Edition statement 1ST ED.
260 ## - PUBLICATION, DISTRIBUTION, ETC.
Place of publication, distribution, etc. SINGAPORE
Name of publisher, distributor, etc. FEDERAL PUBLICATIONS (S) PTE LTD
Date of publication, distribution, etc. 1986
300 ## - PHYSICAL DESCRIPTION
Other physical details 114
650 ## - SUBJECT ADDED ENTRY--TOPICAL TERM
Topical term or geographic name entry element PRODUCTION MANAGEMENT
942 ## - ADDED ENTRY ELEMENTS (KOHA)
Koha item type Book
-- 494.5 PUT
Holdings
Withdrawn status Lost status Source of classification or shelving scheme Damaged status Not for loan Collection code Home library Current library Shelving location Date acquired Cost, normal purchase price Total Checkouts Full call number Barcode Date last seen Date last checked out Price effective from Koha item type Public note
            Malaysian Public Library, Research and Development Centre Malaysian Public Library, Research and Development Centre   10/12/2007 7.50   494.5 PUT E0001872 18/03/2021 26/09/2012 18/03/2021 Book mplrdc

© 2022. Malaysian Public Library, Research and Development Centre. All Right ReservedE-mailmplrdc@help.edu.my 

Powered by Koha